Heroic epic and saga : an introduction to the world's great folk epics /

Bibliographic Details
Other Authors: Oinas, Felix J.
Format: Book
Language:English
Published: Bloomington : Indiana University Press, [1978]
Subjects:

MARC

Tag First Indicator Second Indicator Subfields
LEADER 00000pam a2200000 i 4500
001 in00000267321
005 20151010065919.0
008 771031s1978 inu b 00100 eng
010 |a  77009637  
020 |a 0253327385 
035 |a (OCoLC)03431907 
035 |9 ABE4480AM 
040 |a DLC  |c DLC  |d TXA  |d UtOrBLW 
049 |a TXAM  |c [1240633] 
050 0 0 |a PN56.E65  |b H4 
082 0 |a 809.1/3 
245 0 0 |a Heroic epic and saga :  |b an introduction to the world's great folk epics /  |c edited by Felix J. Oinas. 
264 1 |a Bloomington :  |b Indiana University Press,  |c [1978] 
264 4 |c ©1978 
300 |a viii, 373 pages ;  |c 24 cm. 
336 |a text  |b txt  |2 rdacontent 
337 |a unmediated  |b n  |2 rdamedia 
338 |a volume  |b nc  |2 rdacarrier 
504 |a Includes bibliographies and index. 
650 0 |a Epic literature  |x History and criticism. 
650 0 |a Folk literature  |x History and criticism. 
700 1 |a Oinas, Felix J. 
999 |a MARS 
999 f f |s f528d7de-33a0-3ccd-ab2b-3213712971ef  |i 71b9548c-ef46-3c81-98e0-5cf063b1e046  |t 0 
952 f f |p ric  |a Texas A&M University  |b Rellis Campus  |c Joint Library Facility  |d Remote Storage  |t 0  |e PN56.E65 H4  |h Library of Congress classification  |i unmediated -- volume  |m A14803658142 
998 f f |a PN56.E65 H4  |t 0  |l Remote Storage